Les communautes roms et les discrimination a leur egard dans le carde du conseil de l Europe : un paradigme sur les discriminations subies par les enfants roms dans le domaine de l educacation
Αποθηκεύτηκε σε:
| Κύριος συγγραφέας: | |
|---|---|
| Συγγραφή απο Οργανισμό/Αρχή: | |
| Άλλοι συγγραφείς: | , |
| Μορφή: | Thesis Βιβλίο |
| Γλώσσα: | French |
| Δημοσίευση: |
2011
|
| Θέματα: | |
| Διαθέσιμο Online: | http://hdl.handle.net/11610/11812 |
| Ετικέτες: |
Προσθήκη ετικέτας
Δεν υπάρχουν, Καταχωρήστε ετικέτα πρώτοι!
|
MARC
| LEADER | 00000cam a2200000 i 4500 | ||
|---|---|---|---|
| 001 | 1/20802 | ||
| 008 | 120620s2011 fre d | ||
| 035 | |l 10112770 | ||
| 040 | |a GR-MY-UA |b gre |e aacr | ||
| 041 | 0 | |a fre | |
| 082 | 0 | |a 305.891497 |2 (22) | |
| 100 | 1 | |a Παλάσκα, Φωτεινή. | |
| 245 | 1 | 4 | |a Les communautes roms et les discrimination a leur egard dans le carde du conseil de l Europe : |b un paradigme sur les discriminations subies par les enfants roms dans le domaine de l educacation / |c Palaska Foteini ; sous la direction de prof. Gonzalez Gerard, prof. Grigoriou Panagiotis, prof. Perrakis Stelios |
| 260 | |c 2011 | ||
| 300 | |a 121 σ.; |c 30 εκ. | ||
| 500 | |a Universite de L'Egee - Universite de Montpellier I | ||
| 502 | |a Διατριβή (μεταπτυχιακή) – Πανεπιστήμιο Αιγαίου, Λέσβος, 2011. | ||
| 504 | |a Βιβλιογραφία: σ. 113-121 | ||
| 650 | 0 | 0 | |a Romanies education. |
| 650 | 0 | 0 | |a Romanies |z Europe |x Social conditions. |
| 650 | 0 | 0 | |a Romanies |x Education |z European Union countries. |
| 650 | 0 | 0 | |a Dissertations, Academic |z Greece. |
| 700 | 1 | |a Gonzalez, Gerard. |4 ths | |
| 700 | 1 | |4 ths |a Γρηγορίου, Παναγιώτης Γ. | |
| 710 | 2 | |a Πανεπιστήμιο Αιγαίου. |b Σχολή Κοινωνικών Επιστημών. |b Τμήμα Κοινωνιολογίας. |b Μεταπτυχιακό Πρόγραμμα Σπουδών Ευρωπαϊκές Κοινωνίες και Ευρωπαϊκή Ολοκλήρωση. | |
| 852 | |a INST |b LESVOS |c DIATR |e 20120620 |h 11 |p 005100052322 |q 005100052322 |t MTXE |y 23 | ||
| 852 | |a INST |b LESVOS |c DIATR |e 20120620 |h 12 |p 005100052321 |q 005100052321 |t MTXE |y 23 | ||
| 856 | |u http://hdl.handle.net/11610/11812 | ||
| 901 | |a BIBL1-2012-2 | ||
| 909 | |a Λ |b 174971 | ||
| 909 | |a Λ |b 174972 | ||
| 924 | |a ΠΑΛΑΣΚΑ |b ΦΩΤΕΙΝΗ |y ΛΕΣΒΟΣ |z 2011-12 | ||
| 970 | |a ΤΖΑΦΕΡΗ |b ΕΥΑΓΓΕΛΙΑ |z 2012/06/20 | ||